|
|
|
|
| LEADER |
00000cam a2200000 4500 |
| 001 |
vtls011895096 |
| 003 |
SK-MaSNL |
| 005 |
20260426003646.0 |
| 008 |
210906s2018 xo d frn 000 0 slo |
| 015 |
|
|
|a SNBA2021/03
|
| 020 |
|
|
|a 9788055714868
|q (brožované)
|
| 035 |
|
|
|a urn:nbn:sk:snk-am00fgye
|
| 035 |
|
|
|a urn:nbn:sk:snk-am3iuti
|
| 035 |
|
|
|a C5657E06-128E-4FDE-9E50-64ACD1F359D3
|
| 040 |
|
|
|a SNK
|b slo
|c SNK
|e rda
|
| 041 |
0 |
|
|a slo
|
| 044 |
|
|
|a xo
|c SK
|
| 072 |
|
7 |
|a 37
|x Výchova a vzdelávanie
|2 konspekt
|
| 072 |
|
7 |
|a 371
|x Školstvo (organizácia)
|2 konspekt
|
| 080 |
|
|
|a 37.01/.09
|2 2011
|
| 080 |
|
|
|a 37.091.5
|2 2011
|
| 080 |
|
|
|a 179
|2 2011
|
| 080 |
|
|
|a 727.054:373
|2 2011
|
| 080 |
|
|
|a (048.8)
|2 2011
|
| 100 |
1 |
|
|a Čiliaková, Ružena,
|d 1985-
|4 aut
|9 227841
|
| 245 |
1 |
0 |
|a Riadenie disciplíny v triede
|b hra pre dobré správanie v primárnom vzdelávaní
|c Ružena Čiliaková
|
| 250 |
|
|
|a Vydanie prvé
|
| 264 |
|
1 |
|a V Banskej Bystrici
|b Belianum
|b Univerzita Mateja Bela v Banskej Bystrici
|c 2018
|
| 300 |
|
|
|a 73 strán
|b grafy
|c 21 cm
|
| 336 |
|
|
|a text
|b txt
|2 rdacontent
|
| 337 |
|
|
|a bez média
|b n
|2 rdamedia
|
| 338 |
|
|
|a zväzok
|b nc
|2 rdacarrier
|
| 490 |
1 |
|
|a Pedagogická fakulta
|
| 504 |
|
|
|a Obsahuje bibliografiu na strane 66-69
|
| 650 |
0 |
7 |
|a vzdelávanie
|2 SNKPH
|9 4033
|
| 650 |
0 |
7 |
|a školská disciplína
|2 SNKPH
|9 87885
|
| 650 |
0 |
7 |
|a disciplína
|2 SNKPH
|9 71436
|
| 650 |
0 |
7 |
|a školské triedy
|2 SNKPH
|9 71468
|
| 650 |
0 |
7 |
|a Education
|2 SNKPHeng
|9 265320
|
| 650 |
0 |
7 |
|a School discipline
|2 SNKPHeng
|9 319747
|
| 650 |
0 |
7 |
|a Discipline
|2 SNKPHeng
|9 371633
|
| 650 |
0 |
7 |
|a School classes
|2 SNKPHeng
|9 332843
|
| 655 |
|
7 |
|a monografie
|2 SNKPH
|9 70139
|
| 655 |
|
7 |
|a Monographs
|2 SNKPHeng
|9 120675
|
| 710 |
2 |
|
|a Univerzita Mateja Bela v Banskej Bystrici.
|b Pedagogická fakulta.
|b Katedra elementárnej a predškolskej pedagogiky
|4 pbl
|9 125507
|
| 752 |
|
|
|a Slovensko
|d Banská Bystrica
|
| 810 |
2 |
|
|a Univerzita Mateja Bela v Banskej Bystrici.
|b Pedagogická fakulta.
|b Katedra elementárnej a predškolskej pedagogiky
|t Pedagogická fakulta
|9 619293
|
| 919 |
|
|
|a 978-80-557-1486-8
|
| 999 |
|
|
|c 951306
|d 953236
|
| 952 |
|
|
|a SNK
|b SNK
|y PREZ
|7 0
|p 17A1428189
|o snkSC 189288
|i snk2020/12102
|8 0
|0 0
|1 0
|4 0
|d 2020-07-06
|f 1
|l 0
|r 2025-10-06 00:00:00
|w 2026-02-24
|
| 952 |
|
|
|a SNK
|b SNK
|y VYP
|7 0
|p 17A1428190
|o snkSC 189288 D1
|i snk2020/12103
|8 0
|0 0
|1 0
|4 0
|d 2020-07-06
|l 0
|r 2026-02-24 09:48:39
|w 2026-02-24
|